| 000 | 00435nam a2200169Ia 4500 | ||
|---|---|---|---|
| 003 | GCL | ||
| 008 | 140319s9999 xx 000 0 eng d | ||
| 040 |
_aGCL / _cGCL |
||
| 082 | 0 | 4 |
_a809.3 _bM P |
| 100 | 1 | _aMC HALE, BRIAN | |
| 245 | 1 | 0 |
_aPOSTMODEMIST FICTION / _cMC HALE, BRIAN |
| 260 |
_a[S.N] : _bROUTLEDGE ، _c1993 |
||
| 300 | _a264 P | ||
| 650 | 0 | 4 | _aFICTION - 20TH CENTURY |
| 650 | 0 | 4 | _aHISTORY AND CRITICISM |
| 942 |
_2ddc _cBK |
||
| 999 |
_c24202 _d24202 |
||